| 000 | 01552nam0a2200337 i 4500 | ||
|---|---|---|---|
| 001 | RU\NLR\BIBL_A\010703054 | ||
| 005 | 20240921191424.0 | ||
| 010 |
_a9785940748564 _9300 |
||
| 035 | _a(NILC)RuMoRGB-006774718 | ||
| 035 | _a(NLR Aleph) 010703054 | ||
| 090 |
_a9730083 _c9730083 |
||
| 100 | _a20150318d2013 u y0rusy50 ca | ||
| 101 | 1 |
_arus _ceng |
|
| 102 | _aRU | ||
| 105 | _aa|||z|||001yy | ||
| 200 | 1 |
_aОптимизация производительности приложений для iOS _eдля профессионалов _eучебное пособие для студентов технических вузов _fХанг Во |
|
| 210 |
_aМосква _cДМК Пресс _d2013 |
||
| 215 |
_a319 с. _cил. _d22 |
||
| 300 | _aЗагл. и авт. ориг.: Pro iOS apps performance optimization / Khang Vo | ||
| 300 | _aНа 11-й с. авт.: Во Ханг, программист, предприниматель | ||
| 320 | _aПредм. указ.: с. 315-319 | ||
| 454 | 0 |
_12001#$aPro iOS apps performance optimization$fKhang Vo _1700#1$aKhang Vo _tPro iOS apps performance optimization _aKhang Vo |
|
| 606 | 1 |
_aAPPLE iOS, операционная система _jУчебные издания для высших учебных заведений _92146499 _3RU\NLR\AUTH\661597807 |
|
| 686 | 1 | _aЗ973.23я73-1 | |
| 700 | 1 | _aХанг Во | |
| 801 | 0 |
_aRU _bРГБ _c20100928 _gRCR |
|
| 801 | 2 |
_aRU _bРГБ _c20140709 _grcr |
|
| 942 | _cBOOK | ||
| 980 | _aNBR | ||